000 00978cai a22001935a 4500
001 L146224
008 081217u au g 000 0 eng d
035 _a(Sirsi) u146224
041 0 _aeng
110 2 _aStatistics Austria
_95674
245 0 0 _aConstruction cost index
_h[electronic resource]
520 _aSection of the Statistics Austria website. Provides information on construction cost indices in Austria. Statistics Austria gives figures on the Austrian economy and European indicators such as European Union structural indicators, Euro indicators, Principle European Economic Indicators (PEEI), and sustainable development indicators. Website in English and German.
590 _aKA
650 2 4 _aBUILDING COST INDEX
651 4 _aAustria
690 _aBUILT ENVIRONMENT-CONSTRUCTION MARKET
856 4 0 _uhttps://www.statistik.at/web_en/statistics/Prices/construction_costs_index/index.html
_zView the site free of charge online at www.statistik.at...
942 _n0
999 _c120753
_d120753